Politizácia európskej integrácie: prípadová štúdia Roberta Fica a Andreja Danka diplomová práca

Saved in:
Bibliographic Details
Main Author: Chamillová, Sára
Corporate Author: Fakulta medzinárodných vzťahov EU. Katedra medzinárodných politických vzťahov
Other Authors: Karas, Martin, 1991-
Format: Book
Language:Slovak
Published: Bratislava 2025
Tags: Add Tag
No Tags, Be the first to tag this record!

MARC

LEADER 00000nbm a2200000 4500
001 0309539
005 20260123112648.8
041 0 |a slo 
044 |a SK 
245 1 0 |a Politizácia európskej integrácie: prípadová štúdia Roberta Fica a Andreja Danka  |b diplomová práca  |c Sára Chamillová ; školiteľ: Martin Karas 
264 1 |a Bratislava  |c 2025 
300 |a 73 s. 
100 1 |a Chamillová, Sára 
700 1 |a Karas, Martin, 1991- 
710 2 |a Fakulta medzinárodných vzťahov EU. Katedra medzinárodných politických vzťahov